<?xml version="1.0" encoding="UTF-8"?>
<collection xmlns="http://www.loc.gov/MARC21/slim">
 <record>
  <leader>01284pamaa2200241   4500</leader>
  <controlfield tag="001">0000046253</controlfield>
  <controlfield tag="005">20130314090000.0</controlfield>
  <controlfield tag="008">091111                             eng  </controlfield>
  <datafield tag="020" ind1="0" ind2="0">
   <subfield code="a">9789041126894 (pbk.) </subfield>
  </datafield>
  <datafield tag="090" ind1="0" ind2="0">
   <subfield code="a">K1003 </subfield>
   <subfield code="b">INT 2007</subfield>
  </datafield>
  <datafield tag="245" ind1="1" ind2="0">
   <subfield code="a">International commercial law : </subfield>
   <subfield code="b">source materials  </subfield>
   <subfield code="c">selected by Willem J.H. Wiggers.</subfield>
  </datafield>
  <datafield tag="250" ind1="0" ind2="0">
   <subfield code="a">2nd, rev. ed.</subfield>
  </datafield>
  <datafield tag="260" ind1="0" ind2="0">
   <subfield code="a">Alphen aan den Rijn, The Netherlands: </subfield>
   <subfield code="b">Kluwer Law International ; Frederick, MD : Sold and distributed in North, Central, and South American by Aspen Publishers, </subfield>
   <subfield code="c">2007.</subfield>
  </datafield>
  <datafield tag="300" ind1=" " ind2=" ">
   <subfield code="a">ix, 738 p.; </subfield>
   <subfield code="c">25 cm.</subfield>
  </datafield>
  <datafield tag="501" ind1="0" ind2="0">
   <subfield code="a">DLLUK</subfield>
  </datafield>
  <datafield tag="504" ind1="0" ind2="0">
   <subfield code="a">Includes bibliographical references and index</subfield>
  </datafield>
  <datafield tag="505" ind1="0" ind2="0">
   <subfield code="a">Corporate governance codes, international contract principles, all major arbitration and mediation rules, conventions on applicable law, on jurisdiction and enforcement, guidance for ongoing disclosures, ethical conduct, assessment of credit rating agencies, the position of auditors, UCP600 and INCOTERMS 2000</subfield>
  </datafield>
  <datafield tag="650" ind1="0" ind2="0">
   <subfield code="a">Commercial law -- </subfield>
   <subfield code="x">Sources </subfield>
  </datafield>
  <datafield tag="650" ind1="0" ind2="0">
   <subfield code="a">Corporate governance -- </subfield>
   <subfield code="x">Law and legislation -- </subfield>
   <subfield code="x">Sources </subfield>
  </datafield>
  <datafield tag="650" ind1="0" ind2="0">
   <subfield code="a">Commerce -- </subfield>
   <subfield code="x">Standards -- </subfield>
   <subfield code="x">Sources </subfield>
  </datafield>
  <datafield tag="650" ind1="0" ind2="0">
   <subfield code="a">Corporate governance -- </subfield>
   <subfield code="x">Standards -- </subfield>
   <subfield code="x">Sources </subfield>
  </datafield>
  <datafield tag="700" ind1="1" ind2="1">
   <subfield code="a">Wiggers, </subfield>
   <subfield code="h">Willem J.H. </subfield>
  </datafield>
  <datafield tag="901" ind1=" " ind2=" ">
   <subfield code="u">www.kluwerlaw.com</subfield>
  </datafield>
 </record>
</collection>
